மனிதனைத் தேடிய சிங்கம்/
Saved in:
| Main Author: | |
|---|---|
| Format: | Book |
| Language: | English Tamil |
| Published: |
சென்னை:
நன்மொழிப் பதிப்பகம் ;
2019,
|
| Edition: | 3 பதி |
| Subjects: | |
| Tags: |
Add Tag
No Tags, Be the first to tag this record!
|
MARC
| LEADER | 00000nam a22000007a 4500 | ||
|---|---|---|---|
| 003 | LK-TrUPL | ||
| 005 | 20260417121025.0 | ||
| 008 | 260417b |||||||| |||| 00| 0 eng d | ||
| 022 | |a 9789387157132 | ||
| 040 | |a LK-TrUPL |b tam |d LK-TrUPL | ||
| 041 | |a tam | ||
| 082 | |2 23 |a 894.811 |b ,சோதி | ||
| 100 | |a சோதி .எ | ||
| 245 | |a மனிதனைத் தேடிய சிங்கம்/ |c எ,சோதி , | ||
| 250 | |a 3 பதி | ||
| 260 | |a சென்னை: |b நன்மொழிப் பதிப்பகம் ; |c 2019, | ||
| 300 | |a ப.80: |c ச,மீ,18, | ||
| 500 | |a 1ம் பதிப்பு2009 | ||
| 650 | 0 | |a கதை | |
| 942 | |c CHBK | ||
| 999 | |c 13350 |d 13350 | ||